Normal view
MARC view
- Roads
Entry Topical Term
001 - CONTROL NUMBER
- control field: 20014
003 - CONTROL NUMBER IDENTIFIER
- control field: NUST
005 - DATE AND TIME OF LATEST TRANSACTION
- control field: 20190905111136.0
008 - FIXED-LENGTH DATA ELEMENTS
- fixed length control field: 190905|| aca||aabn | a|a d
040 ## - CATALOGING SOURCE
- Original cataloging agency: NUST
- Transcribing agency: NUST
150 ## - HEADING--TOPICAL TERM
- Topical term or geographic name entry element: Roads
- General subdivision: Design and construction
- General subdivision: Standards
- Geographic subdivision: United States.
670 ## - SOURCE DATA FOUND
- Source citation: Work cat.: (NUST)0: American Association of State Highway and Transportation Officials. Highway Subcommittee on Design. 20012, A policy on design standards, c1971.
